Catholic University of Zimbabwe Library
Online Public Access Catalogue
(OPAC)

Becoming Zimbabwe (Record no. 9177)

MARC details
000 -LEADER
fixed length control field 00475 a2200145 4500
020 ## - INTERNATIONAL STANDARD BOOK NUMBER
International Standard Book Number 9781779220837
005 - DATE AND TIME OF LATEST TRANSACTION
control field 20191017172640.0
084 ## - OTHER CLASSIFICATION NUMBER
Classification number DT2925 .B45 2009
100 ## - MAIN ENTRY--PERSONAL NAME
Personal name Mlambo Alois
100 ## - MAIN ENTRY--PERSONAL NAME
Personal name Raftopoulos B
245 ## - TITLE STATEMENT
Title Becoming Zimbabwe
Remainder of title : a history from the pre-colonial period to 2008
Medium print
260 ## - PUBLICATION, DISTRIBUTION, ETC.
Place of publication, distribution, etc. rh
Name of publisher, distributor, etc. Weaver Press
Date of publication, distribution, etc. 2009
300 ## - PHYSICAL DESCRIPTION
Extent xxxiv, 260 p. : ill.
Other physical details 23 cm.
Dimensions xxxiv, 260 p. : ill. ; 23 cm.
500 ## - GENERAL NOTE
General note edited by Brian Raftopoulos and A. S. Mlambo.
650 ## - SUBJECT ADDED ENTRY--TOPICAL TERM
Topical term or geographic name entry element History

No items available.

OPENING HOURS

Weekdays: 0815hrs - 1800hrs
Weekends:0900hrs - 1200hrs

Closed for Mass:

Mon, Thur: 1200hrs - 1300hrs
Sunday & Public Holiday’s

CALL SUPPORT

0242-570570, 0242-570169
09200664, +263 8644140602

LOCATION

18443, Cranborne Avenue, Hatfield, Harare

Other Links


©2021 | CUZ Library